000 00494nam a2200205Ia 4500
003 OSt
005 20230503144009.0
008 210423s2003 xx 000 0 und d
020 _a8185771596
040 _cAL
041 _aeng
082 _a660.634 TRIG
100 _aTRIPATHI (G).
_997171
245 _aEnzyme biotechnology.
260 _aJaipur
_bButterworth Heinemann
_c2003
300 _aviii,265
_bHB
365 _b500
_cINR
906 _abiotechnology ; Enzyme
942 _2ddc
_cBK
999 _c163113
_d163113